| 000 | 00708nam a2200229Ia 4500 | ||
|---|---|---|---|
| 008 | 160114s9999 xx 000 0 und d | ||
| 020 | _a0-06021352 | ||
| 050 | _aFic | ||
| 050 | _b.C672b 1981 | ||
| 100 | _aCoerr, Eleanor. | ||
| 245 | 4 |
_aThe Big Balloon Race / _cby Eleanor Coerr ; pictures by Carolyn Croll. |
|
| 250 | _a1st Edition | ||
| 260 |
_aUSA : _bHarper Collins Publishers Inc. _c1981 |
||
| 300 |
_a62 pages; _bcolor illustrations ; _c22 cm. |
||
| 440 | _aI can read book. | ||
| 650 | _aBalloon ascensions -- | ||
| 650 | _aMyers, Ariel -- | ||
| 650 | _aMyers, Carlotta, -- 1849-1932 -- | ||
| 650 | _xJuvenile fiction. | ||
| 650 | _xJuvenile fiction. | ||
| 650 | _xJuvenile fiction. | ||
| 999 |
_c290336 _d290336 |
||